| 000 | 00538nam a2200181Ia 4500 | ||
|---|---|---|---|
| 005 | 20250508150654.0 | ||
| 008 | 008 250505s9999 xx 000 0 eng d | ||
| 037 | _aReference | ||
| 040 |
_aFEDL _beng _cFEDL |
||
| 041 |
_aeng _2eng |
||
| 084 |
_a152.805 8, MEN/RR _qFEDL |
||
| 100 |
_aBuros Oscar Krisen Ed. _985568 |
||
| 245 | 0 | _aThird mental measurements Yearbook | |
| 260 |
_aNew Jeresy, USA _bRutgers University Press _c1949 |
||
| 300 | _a1047p | ||
| 942 |
_cREF _h152.805 8, MEN/RR |
||
| 999 |
_c1324953 _d1324953 |
||